Influence on the semi-conducting screens on the wave propagation characteristics of medium voltage e (Record no. 46832)

MARC details
000 -LEADER
fixed length control field 00575nam a2200145 a 4500
008 - FIXED-LENGTH DATA ELEMENTS--GENERAL INFORMATION
fixed length control field 120416s2003 ||||||||||||||||| || u
020 ## - INTERNATIONAL STANDARD BOOK NUMBER
International Standard Book Number 001650674X
050 ## - LIBRARY OF CONGRESS CALL NUMBER
Classification number TK 7871.85 Mug
100 ## - MAIN ENTRY--PERSONAL NAME
Personal name Mugala, Gavita
245 10 - TITLE STATEMENT
Title Influence on the semi-conducting screens on the wave propagation characteristics of medium voltage e
260 ## - PUBLICATION, DISTRIBUTION, ETC.
Place of publication, distribution, etc. Stockholm
Name of publisher, distributor, etc. Royal Institute of Technology
Date of publication, distribution, etc. 2003
300 ## - PHYSICAL DESCRIPTION
Extent 231p. : ill.
350 ## - PRICE (NR) (BK AM CF MU VM SE) [OBSOLETE]
Price 0.00
995 ## - RECOMMENDATION 995 [LOCAL, UNIMARC FRANCE]
-- 0.00
-- CBU-MAIN LIBRARY (Kitwe)
-- 1
-- 17.90
-- 1
-- AVAILABLE
-- Zambiana Collection
Holdings
Withdrawn status Lost status Source of classification or shelving scheme Damaged status Not for loan Home library Current library Shelving location Date acquired Total Checkouts Full call number Barcode Date last seen Price effective from Koha item type
          CBU-MAIN LIBRARY, KITWE. CBU-MAIN LIBRARY, KITWE.   11/30/2022   TK 7871.85 Mug 38125 11/30/2022 11/30/2022 MONOGRAPH